Manažérske účtovníctvo/ 6 špecifiká kalkulácie s priraďovaním nákladov podľa čiastkových aktivít
Rozvoj novej metódy riadenia nákladov a jej príčiny. Vplyv zmien v podnikateľskom procese v rôznych podnikateľských sférach. Všeobecné východiská kalkulácie. Prednosti a obmedzenia metódy riadenia nákladov vo vzťahu k aktivitám. Využitie metódy riadenia nákladov podľa čiastkových aktivít v praxi.
Gespeichert in:
| 1. Verfasser: | |
|---|---|
| Format: | Buchkapitel |
| Sprache: | Slowakisch |
| Schlagworte: | |
| Tags: |
Keine Tags, Fügen Sie das erste Tag hinzu!
|
MARC
| LEADER | 00000naa a2200000 4500 | ||
|---|---|---|---|
| 001 | r035754 | ||
| 005 | 20240411081200.4 | ||
| 041 | 0 | |a slo | |
| 044 | |a SK | ||
| 245 | 1 | 0 | |a Manažérske účtovníctvo/ 6 |b špecifiká kalkulácie s priraďovaním nákladov podľa čiastkových aktivít |c Bohumil Král |
| 520 | |a Rozvoj novej metódy riadenia nákladov a jej príčiny. Vplyv zmien v podnikateľskom procese v rôznych podnikateľských sférach. Všeobecné východiská kalkulácie. Prednosti a obmedzenia metódy riadenia nákladov vo vzťahu k aktivitám. Využitie metódy riadenia nákladov podľa čiastkových aktivít v praxi. | ||
| 610 | 2 | 0 | |a účtovníctvo manažérske |
| 610 | 2 | 0 | |a alokácia nákladov |
| 610 | 2 | 0 | |a kalkulácia nákladov |
| 610 | 2 | 0 | |a náklady výrobné |
| 610 | 2 | 0 | |a náklady variabilné |
| 610 | 2 | 0 | |a kontrola kvality |
| 100 | 1 | |a Král, Bohumil | |